00317nam a2200121Ia 4500008004100000082001900041100001500060245004300075250000800118260003300126300001000159650002600169150201s2010 xx 000 0 und d a616.0757bS10G aGERA, RANI aSTEP BY STEP PEDIATRIC ECHOCARDOGRAPHY a2ND bJAYPEE BROTHERSaDELHIc2010 a1-137 aRADIOLOGY & DIAGNOSIS